| 000 | 01084nam a22003377a 4500 | ||
|---|---|---|---|
| 003 | CHAP | ||
| 005 | 20220329133346.0 | ||
| 008 | 971013s1981 r 00010 d | ||
| 010 | _a5415 | ||
| 011 | _a6387 | ||
| 035 | _a5607 | ||
| 040 | _cCHAP | ||
| 090 | _aFolleto 12570 | ||
| 110 |
_aUniversidad Autónoma de Chihuahua. Escuela Superior de Zootecnia _9116318 |
||
| 245 | _aDesparasitación del ganado bovino | ||
| 260 |
_aChihuahua, Chih. : _bUACH. Facultad de Zootecnia, _c1981 |
||
| 300 | _a11 p | ||
| 490 |
_aManual del campesino _v; 18 |
||
| 500 | _a57-59 | ||
| 590 |
_aBATCH-UPD _b10 _c20130110 _lUCH01 _h0049 |
||
| 590 |
_aBATCH-UPD _b10 _c20130110 _lUCH01 _h2059 |
||
| 590 |
_aBATCH-UPD _b10 _c20130410 _lUCH01 _h1412 |
||
| 590 |
_aBATCH-UPD _b10 _c20130914 _lUCH01 _h1509 |
||
| 590 |
_aCONVERSION _b10 _c20130109 _lUCH01 _h1304 |
||
| 650 | 1 | 4 |
_aGanado de carne _xParásitos. _945100 |
| 650 | 1 | 4 |
_aGanado vacuno _xParásitos. _945500 |
| 830 | 0 |
_aManual del campesino _v; 18 _970625 |
|
| 901 | _aBK | ||
| 942 | _cFOLL | ||
| 949 |
_aFolleto 12570 _bBC _cFOLL _d-15194 _eTS1 _i5607 _si |
||
| 999 |
_c5415 _d5415 |
||